[Event "SRB-chT Men 1st League 2019"]
[Site "Subotica"]
[Date "2019.08.26"]
[Round "5.4"]
[White "Tadic, Branko"]
[Black "Roganovic, Milos"]
[Result "1/2-1/2"]
[WhiteElo "2488"]
[BlackElo "2505"]
[Annotator "ChessBase"]
[PlyCount "42"]
[EventDate "2019.08.23"]
[EventType "team-tourn"]
[EventCountry "SRB"]
[SourceTitle "playchess.com"]
[Source "ChessBase"]
[SourceQuality "1"]
[TimeControl "40/5400+30:1800+30"]

1. Nf3 {[%emt 0:03:16]} Nf6 {[%emt 0:00:00]} 2. c4 {[%emt 0:00:22]} g6 {[%emt 0:00:13]} 3. b3 {[%emt 0:00:09]} Bg7 {[%emt 0:05:23]} 4. Bb2 {[%emt 0:00:07]} O-O {[%emt 0:02:54]} 5. g3 {[%emt 0:00:04]} c6 {[%emt 0:07:55]} 6. Bg2 {[%emt 0:00:16]} d5 {[%emt 0:00:09]} 7. O-O {[%emt 0:00:21]} Nbd7 {[%emt 0:03:18]} 8. Nc3 {[%emt 0:04:13]} e5 {[%emt 0:08:39]} 9. cxd5 {[%emt 0:05:56]} Nxd5 {[%emt 0:02:54]} 10. Qc2 {[%emt 0:03:30]} Re8 {[%emt 0:04:33]} 11. d3 {[%emt 0:11:11]} Nxc3 {[%emt 0:06:06]} 12. Bxc3 {[%emt 0:05:41]} Nb6 {[%emt 0:01:14]} 13. Rac1 {[%emt 0:04:49]} Qe7 {[%emt 0:02:11]} 14. Nd2 {[%emt 0:04:28]} Bf5 {[%emt 0:09:23]} 15. Ne4 {[%emt 0:04:43]} Rad8 {[%emt 0:00:52]} 16. Bb2 {[%emt 0:02:19]} Bc8 {[%emt 0:01:33]} 17. a3 {[%emt 0:16:54]} f5 {[%emt 0:04:19]} 18. Nc5 {[%emt 0:00:07]} Nd7 {[%emt 0:00:34]} 19. Na4 {[%emt 0:05:33]} Nb6 {[%emt 0:00:31]} 20. Nc5 {[%emt 0:04:30]} Nd7 {[%emt 0:00:05]} 21. Na4 {[%emt 0:03:43]} Nb6 {[%emt 0:00:13]} 1/2-1/2

[Event "SRB-chT Men 1st League 2019"]
[Site "Subotica"]
[Date "2019.08.26"]
[Round "5.5"]
[White "Zajic, Milan"]
[Black "Nestorovic, Nikola"]
[Result "0-1"]
[WhiteElo "2497"]
[BlackElo "2468"]
[Annotator "ChessBase"]
[PlyCount "64"]
[EventDate "2019.08.23"]
[EventType "team-tourn"]
[EventCountry "SRB"]
[SourceTitle "playchess.com"]
[Source "ChessBase"]
[SourceQuality "1"]
[TimeControl "40/5400+30:1800+30"]

1. e4 {[%emt 0:02:30]} c5 {[%emt 0:00:00]} 2. Nf3 {[%emt 0:01:05]} Nc6 {[%emt 0:00:00]} 3. d4 {[%emt 0:03:30]} cxd4 {[%emt 0:00:00]} 4. Nxd4 {[%emt 0:00:02]} e5 {[%emt 0:00:01]} 5. Nb5 {[%emt 0:00:06]} d6 {[%emt 0:00:04]} 6. c4 {[%emt 0:00:36]} Be7 {[%emt 0:00:08]} 7. N1c3 {[%emt 0:00:19]} a6 {[%emt 0:00:09]} 8. Na3 {[%emt 0:00:02]} f5 {[%emt 0:00:11]} 9. exf5 {[%emt 0:00:01]} Bxf5 {[%emt 0:00:08]} 10. Bd3 {[%emt 0:00:04]} Be6 {[%emt 0:00:13]} 11. O-O {[%emt 0:00:18]} Nf6 {[%emt 0:00:09]} 12. Bg5 {[%emt 0:02:35]} O-O {[%emt 0:02:30]} 13. Nc2 {[%emt 0:09:43]} Qd7 {[%emt 0:00:08]} 14. Qd2 {[%emt 0:07:12]} Nh5 {[%emt 0:00:14]} 15. Bxe7 {[%emt 0:03:52]} Qxe7 {[%emt 0:00:05]} 16. Nd5 {[%emt 0:03:27]} Qf7 {[%emt 0:02:08]} 17. Rad1 {[%emt 0:15:24]} Rad8 {[%emt 0:19:48]} 18. Be4 {[%emt 0:03:50]} Nf6 {[%emt 0:10:44]} 19. Nxf6+ {[%emt 0:03:36]} gxf6 {[%emt 0:01:41]} 20. b3 {[%emt 0:02:25]} f5 {[%emt 0:01:17]} 21. Bxc6 {[%emt 0:08:28]} bxc6 {[%emt 0:00:05]} 22. Qc3 {[%emt 0:07:28]} f4 {[%emt 0:12:04]} 23. c5 {[%emt 0:08:42]} dxc5 {[%emt 0:15:36]} 24. Qxc5 {[%emt 0:02:49]} Qg6 {[%emt 0:04:34]} 25. f3 {[%emt 0:07:38]} e4 {[%emt 0:16:20]} 26. fxe4 {[%emt 0:02:48]} f3 {[%emt 0:04:05]} 27. Qf2 {[%emt 0:02:22]} Rxd1 {[%emt 0:05:48]} 28. Rxd1 {[%emt 0:00:02]} Qxe4 {[%emt 0:00:32]} 29. Re1 {[%emt 0:02:23]} Qg6 {[%emt 0:00:36]} 30. Nb4 {[%emt 0:01:03]} Bh3 {[%emt 0:01:26]} 31. Nxc6 {[%emt 0:00:15]} Qxg2+ {[%emt 0:00:17]} 32. Qxg2+ {[%emt 0:00:07]} fxg2 {[%emt 0:00:08]} 0-1

[Event "SRB-chT Men 1st League 2019"]
[Site "Subotica"]
[Date "2019.08.26"]
[Round "5.6"]
[White "Ostojic, Nikola"]
[Black "Todorovic, Jovan"]
[Result "1/2-1/2"]
[WhiteElo "2432"]
[BlackElo "2345"]
[Annotator "NA"]
[PlyCount "90"]
[EventDate "2019.08.23"]
[EventType "team-tourn"]
[EventCountry "SRB"]
[SourceTitle "playchess.com"]
[Source "ChessBase"]
[SourceQuality "1"]
[TimeControl "40/5400+30:1800+30"]

1. d4 {[%emt 0:00:00]} Nf6 {[%emt 0:02:40]} 2. c4 {[%emt 0:00:00]} g6 {[%emt 0:01:17]} 3. Nc3 {[%emt 0:00:00]} Bg7 {[%emt 0:00:06]} 4. e4 {[%emt 0:00:00]} d6 {[%emt 0:00:30]} 5. Nge2 {[%emt 0:00:34]} Nbd7 {[%emt 0:05:19]} 6. Ng3 {[%emt 0:18:02]} e5 {[%emt 0:03:15]} 7. d5 {[%emt 0:00:19]} a5 {[%emt 0:00:51]} 8. Be2 {[%emt 0:03:49]} Nc5 {[%emt 0:04:34]} 9. h4 {[%emt 0:02:15]} h5 {[%emt 0:03:55]} 10. Bg5 {[%emt 0:00:06]} Bh6 {[%emt 0:01:10]} 11. Bxh6 {[%emt 0:00:18]} Rxh6 {[%emt 0:00:11]} 12. Qd2 {[%emt 0:03:16]} Rh8 {[%emt 0:00:25]} 13. O-O-O {[%emt 0:03:39]} Qe7 {[%emt 0:12:23]} 14. Kb1 {[%emt 0:02:57]} Rh7 {[%emt 0:24:54]} 15. f3 {[%emt 0:22:08]} Bd7 {[%emt 0:05:34]} 16. b3 {[%emt 0:02:13]} Kf8 {[%emt 0:01:31]} 17. Kb2 {[%emt 0:17:27]} Ne8 {[%emt 0:08:46]} 18. Rdf1 {[%emt 0:01:13]} Kg7 {[%emt 0:12:03]} 19. Bd1 {[%emt 0:01:08]} Rh8 {[%emt 0:00:39]} 20. Bc2 {[%emt 0:00:59]} Rf8 {[%emt 0:04:39]} 21. Nge2 {[%emt 0:09:43]} Nf6 {[%emt 0:01:10]} 22. Nc1 {[%emt 0:05:03]} a4 {[%emt 0:00:38]} 23. b4 {[%emt 0:01:14]} a3+ {[%emt 0:00:11]} 24. Ka1 {[%emt 0:00:53]} Na6 {[%emt 0:00:31]} 25. Nd3 {[%emt 0:01:04]} c6 {[%emt 0:00:41]} 26. dxc6 {[%emt 0:00:53]} bxc6 {[%emt 0:00:13]} 27. b5 {[%emt 0:01:16]} Nc7 {[%emt 0:01:01]} 28. bxc6 {[%emt 0:01:02]} Bxc6 {[%emt 0:00:08]} 29. Nb4 {[%emt 0:00:04]} Bb7 {[%emt 0:01:09]} 30. Rd1 {[%emt 0:01:18]} Rfd8 {[%emt 0:00:24]} 31. Rb1 {[%emt 0:01:31]} Ne6 {[%emt 0:01:26]} 32. Ncd5 {[%emt 0:00:25]} Nxd5 {[%emt 0:00:45]} 33. cxd5 {[%emt 0:00:14]} Nc5 {[%emt 0:01:06]} 34. Bd3 {[%emt 0:00:39]} Rdc8 {[%emt 0:00:50]} 35. Bb5 {[%emt 0:00:09]} Qc7 {[%emt 0:01:05]} 36. Bc6 {[%emt 0:00:47]} Rab8 {[%emt 0:00:41]} 37. Bxb7 {[%emt 0:00:31]} Rxb7 {[%emt 0:00:15]} 38. Nc6 {[%emt 0:00:05]} Ra8 {[%emt 0:00:46]} 39. Rhc1 {[%emt 0:01:24]} Rxb1+ {[%emt 0:00:45]} 40. Rxb1 {[%emt 0:00:00]} Qc8 {[%emt 0:00:00]} 41. Qe2 {[%emt 0:01:07]} Na4 {[%emt 0:05:55]} 42. Rb3 {[%emt 0:01:11]} Nc5 {[%emt 0:00:16]} 43. Rb1 {[%emt 0:20:15]} Na4 {[%emt 0:06:33]} 44. Rb3 {[%emt 0:00:42]} Nc5 {[%emt 0:09:26]} 45. Rb1 {[%emt 0:10:37]} Kh7 {[%emt 0:11:53]} 1/2-1/2

[Event "SRB-chT Men 1st League 2019"]
[Site "Subotica"]
[Date "2019.08.26"]
[Round "5.7"]
[White "Mastrovasilis, Athanasios"]
[Black "Sedlak, Nikola"]
[Result "1/2-1/2"]
[WhiteElo "2518"]
[BlackElo "2590"]
[Annotator "ChessBase"]
[PlyCount "31"]
[EventDate "2019.08.23"]
[EventType "team-tourn"]
[EventCountry "SRB"]
[SourceTitle "playchess.com"]
[Source "ChessBase"]
[SourceQuality "1"]
[TimeControl "40/5400+30:1800+30"]

1. d4 {[%emt 0:02:26]} d5 {[%emt 0:02:01]} 2. c4 {[%emt 0:01:21]} c6 {[%emt 0:00:14]} 3. cxd5 {[%emt 0:00:18]} cxd5 {[%emt 0:00:06]} 4. Nf3 {[%emt 0:00:39]} Nf6 {[%emt 0:00:05]} 5. Nc3 {[%emt 0:00:05]} Nc6 {[%emt 0:00:07]} 6. Bf4 {[%emt 0:00:29]} a6 {[%emt 0:00:15]} 7. Rc1 {[%emt 0:01:28]} Bf5 {[%emt 0:00:11]} 8. e3 {[%emt 0:02:39]} Rc8 {[%emt 0:00:07]} 9. Ne5 {[%emt 0:04:00]} Nxe5 {[%emt 0:01:04]} 10. dxe5 {[%emt 0:00:30]} Ne4 {[%emt 0:00:12]} 11. Nxe4 {[%emt 0:01:50]} Rxc1 {[%emt 0:00:34]} 12. Qxc1 {[%emt 0:00:11]} dxe4 {[%emt 0:04:17]} 13. Be2 {[%emt 0:04:58]} Qa5+ {[%emt 0:03:52]} 14. Qd2 {[%emt 0:00:13]} Qxd2+ {[%emt 0:00:31]} 15. Kxd2 {[%emt 0:00:22]} e6 {[%emt 0:00:30]} 16. Rc1 {[%emt 0:01:00]} 1/2-1/2

[Event "SRB-chT Men 1st League 2019"]
[Site "Subotica"]
[Date "2019.08.26"]
[Round "5.8"]
[White "Berkes, Ferenc"]
[Black "Pavlovic, Milos"]
[Result "1/2-1/2"]
[WhiteElo "2666"]
[BlackElo "2502"]
[Annotator "TA"]
[PlyCount "62"]
[EventDate "2019.08.23"]
[EventType "team-tourn"]
[EventCountry "SRB"]
[SourceTitle "playchess.com"]
[Source "ChessBase"]
[SourceQuality "1"]

{[%evp 13,62,33,32,27,33,10,21,-15,-9,0,0,0,18,18,14,13,9,8,8,9,9,8,9,8,0,9,11,0,18,0,13,0,0,0,4,0,0,0,0,0,0,0,22,0,0,0,0,0,0,0,0]} 1. d4 d6 2. e4 Nf6 3. Bd3 e5 4. c3 g6 5. Nf3 Nbd7 6. O-O Bg7 7. Re1 O-O 8. h3 {B07: Pirc Defence: Miscellaneous Systems} Re8 9. Nbd2 b6 {The position is equal.} 10. Nf1 Bb7 11. Ng3 d5 12. dxe5 $146 ({Predecessor:} 12. exd5 exd4 13. Rxe8+ Qxe8 14. c4 b5 15. b3 bxc4 16. bxc4 Nc5 {½-½ (29) Alekseev,E (2632)-Indjic,A (2560) Moscow 2017}) 12... Nxe4 (12... dxe4 {seems wilder.} 13. exf6 Nxf6 14. Nxe4 Nxe4 15. Bf4 Nc5) 13. Nxe4 dxe4 14. Bg5 Qc8 15. Bxe4 Nxe5 16. Bxb7 Qxb7 17. Nxe5 Bxe5 18. Qd7 {[#] f4 is the strong threat.} Qc8 19. Qd3 Qb7 20. a4 a6 21. Re3 {Strongly threatening Rae1.} Qc6 22. Rae1 Bd6 23. b3 b5 24. Bh6 Rxe3 25. Qxe3 bxa4 26. Qd4 $36 {[%csl Gh6][%cal Rd4g7][%mdl 2048] White has the initiative.} f6 27. bxa4 ({But not} 27. Qxf6 $2 {[#]} Bh2+ $1 {[%mdl 512]} 28. Kxh2 Qxf6 $19) 27... Kf7 28. Bf4 Bxf4 29. Qxf4 Re8 30. Rxe8 Kxe8 31. Qd4 Ke7 {Accuracy: White = 48%, Black = 64%.} 1/2-1/2

[Event "SRB-chT Men 1st League 2019"]
[Site "Subotica"]
[Date "2019.08.26"]
[Round "5.9"]
[White "Savic, Miodrag R"]
[Black "Popovic, Dusan"]
[Result "1/2-1/2"]
[WhiteElo "2472"]
[BlackElo "2481"]
[Annotator "ChessBase"]
[PlyCount "36"]
[EventDate "2019.08.23"]
[EventType "team-tourn"]
[EventCountry "SRB"]
[SourceTitle "playchess.com"]
[Source "ChessBase"]
[SourceQuality "1"]
[TimeControl "40/5400+30:1800+30"]

1. e4 {[%emt 0:00:22]} g6 {[%emt 0:00:00]} 2. d4 {[%emt 0:01:06]} Bg7 {[%emt 0:00:00]} 3. Nc3 {[%emt 0:01:28]} d6 {[%emt 0:00:00]} 4. Be3 {[%emt 0:01:23]} a6 {[%emt 0:00:17]} 5. a4 {[%emt 0:04:25]} Nc6 {[%emt 0:01:16]} 6. h3 {[%emt 0:13:39]} Nf6 {[%emt 0:04:10]} 7. Nf3 {[%emt 0:00:38]} O-O {[%emt 0:01:35]} 8. Be2 {[%emt 0:02:56]} e5 {[%emt 0:02:54]} 9. dxe5 {[%emt 0:01:12]} dxe5 {[%emt 0:00:12]} 10. O-O {[%emt 0:00:38]} h6 {[%emt 0:03:10]} 11. Qc1 {[%emt 0:05:35]} Kh7 {[%emt 0:04:04]} 12. Rd1 {[%emt 0:03:50]} Qe7 {[%emt 0:01:55]} 13. Bc4 {[%emt 0:05:45]} Be6 {[%emt 0:04:38]} 14. Bxe6 {[%emt 0:07:53]} fxe6 {[%emt 0:00:43]} 15. Nh2 {[%emt 0:06:26]} Rad8 {[%emt 0:03:36]} 16. Rxd8 {[%emt 0:04:12]} Rxd8 {[%emt 0:00:34]} 17. Nf1 {[%emt 0:03:41]} Nd4 {[%emt 0:01:30]} 18. Ng3 {[%emt 0:01:27]} Ne8 {[%emt 0:00:24]} 1/2-1/2

[Event "SRB-chT Men 1st League 2019"]
[Site "Subotica"]
[Date "2019.08.26"]
[Round "5.10"]
[White "Cabarkapa, Novak"]
[Black "Todorovic, Goran M"]
[Result "1/2-1/2"]
[WhiteElo "2434"]
[BlackElo "2415"]
[Annotator "NA"]
[PlyCount "27"]
[EventDate "2019.08.23"]
[EventType "team-tourn"]
[EventCountry "SRB"]
[SourceTitle "playchess.com"]
[Source "ChessBase"]
[SourceQuality "1"]
[TimeControl "40/5400+30:1800+30"]

1. b3 {[%emt 0:00:00]} d5 {[%emt 0:00:00]} 2. Bb2 {[%emt 0:00:01]} Nf6 {[%emt 0:00:19]} 3. Nf3 {[%emt 0:06:44]} Bf5 {[%emt 0:01:37]} 4. g3 {[%emt 0:04:55]} e6 {[%emt 0:00:25]} 5. Bg2 {[%emt 0:00:48]} h6 {[%emt 0:01:44]} 6. O-O {[%emt 0:00:17]} Be7 {[%emt 0:00:12]} 7. d3 {[%emt 0:02:39]} O-O {[%emt 0:00:36]} 8. Nbd2 {[%emt 0:01:39]} Bh7 {[%emt 0:01:46]} 9. Ne5 {[%emt 0:05:02]} Nfd7 {[%emt 0:02:34]} 10. Nxd7 {[%emt 0:02:22]} Nxd7 {[%emt 0:03:21]} 11. e4 {[%emt 0:01:02]} c6 {[%emt 0:01:58]} 12. f4 {[%emt 0:08:38]} Qc7 {[%emt 0:14:20]} 13. Kh1 {[%emt 0:11:42]} Rfe8 {[%emt 0:08:57]} 14. Qe2 {[%emt 0:05:17]} 1/2-1/2

[Event "SRB-chT Men 1st League 2019"]
[Site "Subotica"]
[Date "2019.08.26"]
[Round "5.11"]
[White "Markovic, Miroslav"]
[Black "Lukovic, Vladimir"]
[Result "1/2-1/2"]
[WhiteElo "2394"]
[BlackElo "2420"]
[Annotator "NA"]
[PlyCount "61"]
[EventDate "2019.08.23"]
[EventType "team-tourn"]
[EventCountry "SRB"]
[SourceTitle "playchess.com"]
[Source "ChessBase"]
[SourceQuality "1"]
[TimeControl "40/5400+30:1800+30"]

1. e4 {[%emt 1:30:30]} e5 {[%emt 1:30:30]} 2. Nf3 {[%emt 0:00:30]} Nc6 {[%emt 0:00:30]} 3. Bb5 {[%emt 0:00:30]} a6 {[%emt 0:00:30]} 4. Ba4 {[%emt 0:00:30]} Nf6 {[%emt 0:00:30]} 5. O-O {[%emt 0:00:30]} Be7 {[%emt 0:00:30]} 6. Bxc6 {[%emt 0:00:30]} dxc6 {[%emt 0:00:30]} 7. d3 {[%emt 0:00:30]} Nd7 {[%emt 0:00:30]} 8. Nbd2 {[%emt 0:00:30]} f6 {[%emt 0:00:30]} 9. Nh4 {[%emt 0:00:30]} Nf8 {[%emt 0:00:30]} 10. Nc4 {[%emt 0:00:30]} Be6 {[%emt 0:00:30]} 11. Ne3 {[%emt 0:00:30]} Qd7 {[%emt 0:00:30]} 12. Nef5 {[%emt 0:00:30]} Bc5 {[%emt 0:00:30]} 13. Be3 {[%emt 0:00:30]} Bxe3 {[%emt 0:00:30]} 14. Nxe3 {[%emt 0:00:30]} O-O-O {[%emt 0:00:30]} 15. b4 {[%emt 0:00:30]} Ng6 {[%emt 0:00:30]} 16. Nf3 {[%emt 0:00:30]} h5 {[%emt 0:00:30]} 17. Nd2 {[%emt 0:00:30]} Nf4 {[%emt 0:00:30]} 18. a4 {[%emt 0:00:30]} g5 {[%emt 0:00:30]} 19. Re1 {[%emt 0:00:30]} g4 {[%emt 0:00:30]} 20. Ndf1 {[%emt 0:00:30]} h4 {[%emt 0:00:30]} 21. Qd2 {[%emt 0:00:30]} Rdg8 {[%emt 0:00:30]} 22. Reb1 {[%emt 0:00:30]} b6 {[%emt 0:00:30]} 23. b5 {[%emt 0:00:30]} a5 {[%emt 0:00:30]} 24. bxc6 {[%emt 0:00:30]} Qxc6 {[%emt 0:00:30]} 25. c4 {[%emt 0:00:30]} Qc5 {[%emt 0:00:30]} 26. g3 {[%emt 0:00:30]} hxg3 {[%emt 0:00:30]} 27. fxg3 {[%emt 0:00:30]} Qd4 {[%emt 0:00:30]} 28. Ra3 {[%emt 0:00:30]} Rd8 {[%emt 0:00:30]} 29. Rd1 {[%emt 0:00:30]} Nh3+ 30. Kg2 Ng5 31. Nc2 {[%emt 0:01:00]} 1/2-1/2

[Event "SRB-chT Men 1st League 2019"]
[Site "Subotica"]
[Date "2019.08.26"]
[Round "5.12"]
[White "Zegarac, Vuk"]
[Black "Drazic, Sinisa"]
[Result "1/2-1/2"]
[WhiteElo "2310"]
[BlackElo "2379"]
[Annotator "NA"]
[PlyCount "43"]
[EventDate "2019.08.23"]
[EventType "team-tourn"]
[EventCountry "SRB"]
[SourceTitle "playchess.com"]
[Source "ChessBase"]
[SourceQuality "1"]
[TimeControl "40/5400+30:1800+30"]

1. d4 {[%emt 0:00:11]} c6 {[%emt 0:00:02]} 2. Nf3 {[%emt 0:00:40]} g6 {[%emt 0:00:44]} 3. c3 {[%emt 0:02:25]} Bg7 {[%emt 0:00:32]} 4. e4 {[%emt 0:02:41]} d6 {[%emt 0:03:35]} 5. Be2 {[%emt 0:03:44]} Nf6 {[%emt 0:00:09]} 6. Qc2 {[%emt 0:00:07]} O-O {[%emt 0:00:05]} 7. O-O {[%emt 0:00:25]} a5 {[%emt 0:00:55]} 8. a4 {[%emt 0:01:44]} d5 {[%emt 0:05:26]} 9. e5 {[%emt 0:05:49]} Ne4 {[%emt 0:00:34]} 10. Bd3 {[%emt 0:00:07]} c5 {[%emt 0:08:22]} 11. Bxe4 {[%emt 0:03:09]} dxe4 {[%emt 0:00:02]} 12. Qxe4 {[%emt 0:00:09]} cxd4 {[%emt 0:01:00]} 13. Nxd4 {[%emt 0:01:48]} Nc6 {[%emt 0:00:05]} 14. f4 {[%emt 0:03:21]} Qb6 {[%emt 0:01:56]} 15. Na3 {[%emt 0:06:51]} Bf5 {[%emt 0:02:04]} 16. Qe3 {[%emt 0:00:49]} Nxd4 {[%emt 0:01:14]} 17. Qxd4 {[%emt 0:00:55]} Qb3 {[%emt 0:07:58]} 18. Qd1 {[%emt 0:05:27]} Qb6+ {[%emt 0:01:45]} 19. Qd4 {[%emt 0:00:07]} Qb3 {[%emt 0:15:00]} 20. Qd1 {[%emt 0:00:39]} Qb6+ {[%emt 0:02:49]} 21. Qd4 {[%emt 0:00:25]} Qb3 {[%emt 0:11:47]} 22. Qd1 {[%emt 0:00:37]} 1/2-1/2

[Event "SRB-chT Men 1st League 2019"]
[Site "Subotica"]
[Date "2019.08.26"]
[Round "5.13"]
[White "Ponkratov, Pavel"]
[Black "Rublevsky, Sergei"]
[Result "1/2-1/2"]
[WhiteElo "2638"]
[BlackElo "2652"]
[Annotator "TA"]
[PlyCount "23"]
[EventDate "2019.08.23"]
[EventType "team-tourn"]
[EventCountry "SRB"]
[SourceTitle "playchess.com"]
[Source "ChessBase"]
[SourceQuality "1"]

{[%evp 9,23,5,6,10,19,17,25,10,18,16,34,18,18,12,15,3]} 1. Nf3 d5 2. c4 c6 3. d4 Nf6 4. g3 Bg4 5. Ne5 Bf5 6. cxd5 {D11: Slav Defence: 3 Nf3 sidelines and 3...Nf6 4 e3 Bg4} cxd5 7. Nc3 Nc6 8. f3 {White has an edge.} g6 9. Bg2 Bg7 10. e4 $146 ({Predecessor:} 10. Be3 O-O 11. O-O Nd7 12. Nxc6 bxc6 {½-½ (47) Giri,A (2762)-Solak,D (2626) Heraklio 2017}) 10... dxe4 11. fxe4 {[#] Black must now prevent Nxc6.} Be6 12. Nxc6 1/2-1/2

[Event "SRB-chT Men 1st League 2019"]
[Site "Subotica"]
[Date "2019.08.26"]
[Round "5.14"]
[White "Ivanisevic, Ivan"]
[Black "Pap, Misa"]
[Result "1-0"]
[WhiteElo "2618"]
[BlackElo "2454"]
[Annotator "TA"]
[PlyCount "79"]
[EventDate "2019.08.23"]
[EventType "team-tourn"]
[EventCountry "SRB"]
[SourceTitle "playchess.com"]
[Source "ChessBase"]
[SourceQuality "1"]

{[%evp 9,79,23,25,16,18,24,27,7,9,10,24,8,14,12,11,5,46,41,52,53,47,47,65,58,92,60,58,45,58,55,80,68,72,64,69,22,41,20,24,20,20,20,38,1,13,18,19,4,153,148,338,333,331,325,304,68,1020,1010,1004,966,29993,29994,29994,29995,29995,29989,29990,29990,29991,29992,29996,519]} 1. c4 e5 2. Nc3 Nc6 3. e3 g6 (3... Bb4 4. Qc2 Bxc3 5. dxc3 d6 6. e4 Be6 7. Bd3 Nf6 8. Ne2 Nd7 9. Ng3 Nc5 10. Be2 a5 11. Be3 b6 12. O-O {½-½ (20) Neiksans,A (2599)-Jakovenko,D (2718) Minsk 2017}) 4. d4 exd4 5. exd4 d6 6. d5 {A25: English Opening vs King's Indian with ...Nc6 but without early d3} Ne5 $146 ({Predecessor:} 6... Nce7 7. Qd4 f6 8. g4 Bg7 9. h4 Nh6 10. Bh3 O-O 11. Bxh6 Bxh6 {0-1 (30) Bieszk,S (850)-Lenz,J (947) LSS email 2014}) 7. f4 Nd7 8. Nf3 {White has an edge.} Bg7 9. Bd3 Nc5 10. Bc2 Ne7 11. O-O O-O 12. Be3 Nf5 13. Bf2 h5 14. Qd2 a5 15. Rae1 Bd7 16. h3 Qc8 17. Kh2 Re8 18. Rxe8+ Qxe8 19. Re1 Qc8 20. b3 Qd8 21. Nb5 Bxb5 22. cxb5 {aiming for Bxf5.} (22. Bxf5 $5 Bd7 23. Bc2 $14) 22... Qd7 23. Re2 b6 24. Qe1 Kf8 25. a4 Bf6 26. g4 hxg4 $1 27. hxg4 Ne7 $1 28. f5 $36 {[%mdl 2048] Black must now prevent g5. Black is under pressure.} gxf5 (28... Nxd5 $11 29. Qd2 Re8) 29. Bh4 $1 $16 {[%cal Rh4f6]} Nxd5 $2 (29... Be5+ $16 30. Nxe5 dxe5) 30. Bxf5 $18 Qd8 31. Qd2 Nc3 {[#]} 32. g5 $2 (32. Qh6+ Bg7 $16) (32. Re1 $1 $18 d5 33. Kg2 (33. Qh6+ Bg7 $16)) 32... Bg7 $2 {[%mdl 8192]} (32... Nxb3 $14 33. Qe3 Bd4 34. Nxd4 Nxe2) 33. g6 Nxb3 {[#]} 34. Qe3 $1 {[%mdl 512] Intending Be7+ and mate.} Bf6 {[#]} 35. g7+ $1 {[%mdl 512] White mates.} Kg8 {[#]} (35... Bxg7 36. Bxd8) 36. Qh6 $1 {[%csl Gg7][%cal Rh6h8][%mdl 512]} Bxg7 37. Qh7+ Kf8 38. Bxd8 Rxd8 39. Rg2 Bf6 {[#]} 40. Rg8+ {Accuracy: White = 67%, Black = 34%.} (40. Be6 $142 $1 {[%mdl 512]} Be5+ (40... fxe6 41. Rg8#) 41. Nxe5 Rd7 42. Rg8+ Ke7 43. Qxf7#) 1-0

[Event "SRB-chT Men 1st League 2019"]
[Site "Subotica"]
[Date "2019.08.26"]
[Round "5.15"]
[White "Lajthajm, Borko"]
[Black "Miladinovic, Igor"]
[Result "0-1"]
[WhiteElo "2414"]
[BlackElo "2532"]
[Annotator "ChessBase"]
[PlyCount "108"]
[EventDate "2019.08.23"]
[EventType "team-tourn"]
[EventCountry "SRB"]
[SourceTitle "playchess.com"]
[Source "ChessBase"]
[SourceQuality "1"]
[TimeControl "40/5400+30:1800+30"]

1. e4 {[%emt 0:00:00]} c5 {[%emt 0:00:00]} 2. c3 {[%emt 0:00:00]} Nf6 {[%emt 0:00:16]} 3. e5 {[%emt 0:00:00]} Nd5 {[%emt 0:00:02]} 4. Nf3 {[%emt 0:00:05]} Nc6 {[%emt 0:00:06]} 5. Bc4 {[%emt 0:00:12]} Nb6 {[%emt 0:00:02]} 6. Bb3 {[%emt 0:00:43]} c4 {[%emt 0:01:17]} 7. Bc2 {[%emt 0:00:15]} d6 {[%emt 0:00:46]} 8. exd6 {[%emt 0:01:51]} Qxd6 {[%emt 0:00:12]} 9. d4 {[%emt 0:01:43]} cxd3 {[%emt 0:00:29]} 10. Qxd3 {[%emt 0:00:10]} Qxd3 {[%emt 0:03:44]} 11. Bxd3 {[%emt 0:00:06]} e5 {[%emt 0:01:19]} 12. O-O {[%emt 0:00:36]} f6 {[%emt 0:05:27]} 13. a4 {[%emt 0:01:53]} Be6 {[%emt 0:03:09]} 14. a5 {[%emt 0:01:37]} Bc4 {[%emt 0:00:57]} 15. Bxc4 {[%emt 0:01:10]} Nxc4 {[%emt 0:00:06]} 16. a6 {[%emt 0:00:05]} b5 {[%emt 0:09:13]} 17. b3 {[%emt 0:01:46]} Nb6 {[%emt 0:05:15]} 18. Rd1 {[%emt 0:02:25]} Rd8 {[%emt 0:01:04]} 19. Rxd8+ {[%emt 0:01:58]} Kxd8 {[%emt 0:00:02]} 20. Ba3 {[%emt 0:01:35]} Nd5 {[%emt 0:04:58]} 21. Ra2 {[%emt 0:12:34]} Kc8 {[%emt 0:01:27]} 22. c4 {[%emt 0:05:47]} bxc4 {[%emt 0:04:43]} 23. bxc4 {[%emt 0:00:28]} Ndb4 {[%emt 0:00:57]} 24. Bxb4 {[%emt 0:00:57]} Bxb4 {[%emt 0:00:07]} 25. Nbd2 {[%emt 0:05:51]} Rd8 {[%emt 0:00:29]} 26. g4 {[%emt 0:01:48]} Rd3 {[%emt 0:04:43]} 27. Kg2 {[%emt 0:00:23]} Ra3 {[%emt 0:01:33]} 28. Rxa3 {[%emt 0:00:20]} Bxa3 {[%emt 0:00:02]} 29. Ne4 {[%emt 0:00:32]} Nb8 {[%emt 0:01:49]} 30. g5 {[%emt 0:06:02]} Be7 {[%emt 0:01:28]} 31. Nh4 {[%emt 0:00:14]} Nxa6 {[%emt 0:02:01]} 32. Nf5 {[%emt 0:01:15]} Kd7 {[%emt 0:00:08]} 33. Nxg7 {[%emt 0:04:14]} fxg5 {[%emt 0:01:31]} 34. Nh5 {[%emt 0:01:26]} Nc5 {[%emt 0:01:53]} 35. Nc3 {[%emt 0:01:26]} a5 {[%emt 0:01:55]} 36. Ng3 {[%emt 0:01:26]} a4 {[%emt 0:00:26]} 37. Kf3 {[%emt 0:00:30]} a3 {[%emt 0:01:07]} 38. Kg4 {[%emt 0:01:01]} Ke6 {[%emt 0:02:45]} 39. f3 {[%emt 0:01:03]} e4 {[%emt 0:04:30]} 40. fxe4 {[%emt 0:00:00]} Ke5 {[%emt 0:00:00]} 41. Kf3 {[%emt 0:01:14]} Nd3 {[%emt 0:02:56]} 42. Nge2 {[%emt 0:03:55]} h5 {[%emt 0:01:06]} 43. h3 {[%emt 0:02:44]} Bc5 {[%emt 0:00:17]} 44. Kg3 {[%emt 0:05:43]} Nb4 {[%emt 0:02:07]} 45. Kf3 {[%emt 0:02:25]} Bb6 {[%emt 0:01:59]} 46. Nc1 {[%emt 0:00:59]} Bd4 {[%emt 0:01:47]} 47. N3a2 {[%emt 0:01:52]} Nxa2 {[%emt 0:00:26]} 48. Nxa2 {[%emt 0:00:06]} Bc5 {[%emt 0:00:07]} 49. Nc1 {[%emt 0:06:53]} Kd4 {[%emt 0:00:23]} 50. Ke2 {[%emt 0:00:04]} Kxc4 {[%emt 0:01:43]} 51. Kd2 {[%emt 0:00:07]} g4 {[%emt 0:02:47]} 52. hxg4 {[%emt 0:00:14]} hxg4 {[%emt 0:00:01]} 53. Kc2 {[%emt 0:00:32]} g3 {[%emt 0:00:05]} 54. e5 {[%emt 0:02:30]} g2 {[%emt 0:00:07]} 0-1